JoJo's Bizarre Adventure - All (named) Characters and Stands - Statistics

General Stats
  • This quiz has been taken 119 times
    54 since last reset
  • The average score is 231 of 619
Answer Stats
Hint Character Name % Correct
Brando Family - Part 1 Dio Brando
100%
Kujo Family - Part 3 Jotaro Kujo
100%
Joestar Family - Part 2 | Joestar Family - Part 8 Joseph Joestar
97%
Other Saints Mentioned Joseph of Arimathea
97%
Joestar Family - Part 1 Jonathan Joestar
94%
Female Protagonist's Former Dog Josuke
94%
Higashikata Family - Part 4 | Higashikata Family - Part 8 Josuke Higashikata
94%
Stardust Crusaders Muhammad Avdol
91%
Stardust Crusaders Noriaki Kakyoin
91%
Ogre Street Inhabitants Robert E. O. Speedwagon
91%
Kujo Family - Part 3 Star Platinum
91%
Joestar Family - Part 1 George Joestar
88%
Pillar Men Esidisi
88%
Protagonists Group (Squadra Guardie del Corpo) Giorno Giovanna
88%
Kujo Family - Part 3 Holy Kujo
88%
Stardust Crusaders Iggy
88%
Stardust Crusaders Jean Pierre Polnareff
88%
Pillar Men Kars
88%
Hirose Family - Part 4 Koichi Hirose
88%
Joestar Family - Part 2 Lisa Lisa
88%
Brando Family - Part 1 | POTUS' Subordinates/Collaborators The World
88%
Zeppeli Family - Part 2 Caesar Anthonio Zeppeli
85%
Joestar Family - Part 1 Erina Pendleton
85%
Joestar Family - Part 7 Johnny Joestar
85%
Protagonists Group Jolyne Cujoh
85%
Stardust Crusaders Magician's Red
85%
Stardust Crusaders Silver Chariot
85%
Pillar Men Wammu
85%
Joestar Family - Part 1 Danny
82%
Nijimura Family Okuyasu Nijimura
82%
Main Antagonist's Minions - Egypt 9 Glory Gods Boingo
79%
Brando Family - Part 1 | Brando Family - Part 7 Dario Brando
79%
Passione Boss Diavolo
79%
Protagonists Group (Squadra Guardie del Corpo) Guido Mista
79%
Zeppeli Family - Part 7 Gyro Zeppeli
79%
Joestar Family - Part 2 Hermit Purple
79%
Stardust Crusaders Hierophant Green
79%
Protagonists Group (Squadra Guardie del Corpo) Narancia Ghirga
79%
Main Antagonist's Minions - Egypt 9 Glory Gods Oingo
79%
Protagonists Group (Squadra Guardie del Corpo) Pannacotta Fugo
79%
Stardust Crusaders The Fool
79%
Kira Family - Part 4 | Kira Family - Part 8 Yoshikage Kira
79%
Main Antagonist's Minions - Egypt 9 Glory Gods Anubis
76%
Protagonists Group (Squadra Guardie del Corpo) Bruno Bucciarati
76%
Higashikata Family - Part 4 Crazy Diamond
76%
Main Antagonist's Minions - Tarot Cards Stand Users Emperor
76%
Protagonists Group Emporio Alniño
76%
Steel Ball Run Jockeys Fritz von Stroheim
76%
Nazis Rudol von Stroheim
76%
New York Inhabitants Smokey Brown
76%
Passione Adviser/Consigliere Vinegar Doppio
76%
Brando Family - Part 7 Diego Brando
74%
POTUS' Subordinates/Collaborators Diego Brando (AU)
74%
Hirose Family - Part 4 Echoes
74%
Protagonists Group (Squadra Guardie del Corpo) Gold Experience Requiem
74%
Kira Family - Part 4 | Kira Family - Part 8 Killer Queen
74%
Passione Boss King Crimson
74%
Protagonists Group Narciso Anasui
74%
Windknight's Lot Inhabitants Poco
74%
Famous Japanese Mangaka and His Dog | People Shot by Older Brother Nijimura Rohan Kishibe
74%
Pillar Men Santana
74%
Protagonists Group (Squadra Guardie del Corpo) Sex Pistols
74%
Protagonists Group (Squadra Guardie del Corpo) Sticky Fingers
74%
Tibetan Temple Masters and Disciples Straizo
74%
Main Antagonist's Minions - Others Vanilla Ice
74%
Main Antagonist's Zombies Bruford
71%
Stardust Crusaders Chariot Requiem
71%
Joestar Family - Part 7 Danny
71%
Pucci Family Enrico Pucci
71%
Protagonists Group Ermes Costello
71%
Protagonists Group Foo Fighters
71%
Joestar Family - Part 2 | Joestar Family - Part 7 George Joestar II
71%
Famous Japanese Mangaka and His Dog | People Shot by Older Brother Nijimura Heaven's Door
71%
Main Antagonist's Minions - Tarot Cards Stand Users Hol Horse
71%
Main Antagonist's Minions - Tarot Cards Stand Users Lovers
71%
Main Antagonist's Minions - Egypt 9 Glory Gods Mariah
71%
Lieutenants/Caporegimes Polpo
71%
Nijimura Family The Hand
71%
Main Antagonist's Minions - Egypt 9 Glory Gods Tohth
71%
Pucci Family Weather Report
71%
Protagonists Group (Squadra Guardie del Corpo) Aerosmith
68%
Nijimura Family Bad Company
68%
Special Squad/Unitá Speciale Cioccolata
68%
POTUS and FLOTUS Dirty Deeds Done Dirt Cheap
68%
Main Antagonist's Minions - Tarot Cards Stand Users Empress
68%
Main Antagonist's Minions - Tarot Cards Stand Users Enya Geil
68%
Protagonists Group (Squadra Guardie del Corpo) Gold Experience
68%
Main Antagonist's Minions - Tarot Cards Stand Users Hanged Man
68%
Kira Family - Part 8 Kei Nijimura
68%
Protagonists Group (Squadra Guardie del Corpo) Leone Abbacchio
68%
Pucci Family Made in Heaven
68%
Protagonists Group (Squadra Guardie del Corpo) Moody Blues
68%
Main Antagonist's Minions - Egypt 9 Glory Gods N'Doul
68%
Protagonists Group (Squadra Guardie del Corpo) Purple Haze
68%
People Shot by Older Brother Nijimura Red Hot Chili Pepper
68%
Protagonists Group Stone Free
68%
Protagonists Group (Squadra Guardie del Corpo) Trish Una
68%
Pendleton Family - Part 7 Will Pendleton
68%
Main Antagonist's Minions - Egypt 9 Glory Gods Alessi
65%
People Shot by Older Brother Nijimura Anjuro Katagiri
65%
Main Antagonist's Minions - Egypt 9 Glory Gods Bastet
65%
Pucci Family C-Moon
65%
Main Antagonist's Minions - Tarot Cards Stand Users Dark Blue Moon
65%
Main Antagonist's Minions - Tarot Cards Stand Users Death 13
65%
Special Squad/Unitá Speciale Green Day
65%
People Shot by Father Kira Highway Star
65%
Main Antagonist's Minions - Tarot Cards Stand Users Justice
65%
Nijimura Family Keicho Nijimura
65%
Pendleton Family - Part 7 Lucy Steel
65%
Hitman Team/La Squadra Esecuzioni Metallica
65%
Main Antagonist's Minions - Tarot Cards Stand Users Steely Dan
65%
Main Antagonist's Minions - Tarot Cards Stand Users Strength
65%
Main Antagonist's Minions - Tarot Cards Stand Users Tower Of Gray
65%
Joestar Family - Part 7 Tusk
65%
Pucci Family Whitesnake
65%
Main Antagonist's Minions - Tarot Cards Stand Users Yellow Temperance
65%
People Shot by Older Brother Nijimura Yukako Yamagishi
65%
People the Main Protagonist Steals a Phone From Akira
62%
People Shot by Older Brother Nijimura Akira Otoishi
62%
Main Antagonist's Minions - Others Cream
62%
Tibetan Temple Masters and Disciples Dire
62%
POTUS and FLOTUS Funny Valentine
62%
Main Antagonist's Zombies Jack the Ripper
62%
Supposed Identity of the Saint's Corpse Jesus Christ
62%
Protagonists Group Kiss
62%
Runaway Girl Merlai Anne
62%
Air Supplena Island Hamon Trainers Messina
62%
Main Antagonist's Minions - Egypt 9 Glory Gods Pet Shop
62%
Other Morioh Stand Users Shigekiyo Yangu
62%
Protagonists Group (Squadra Guardie del Corpo) Spice Girl
62%
Joestar Family - Part 2 | Joestar Family - Part 8 Suzi Quatro
62%
Pendleton Family - Part 7 Tom Pendleton
62%
Joestar Family - Part 7 Anne Joestar
59%
Main Antagonist's Minions - Egypt 9 Glory Gods Daniel J. D'Arby
59%
Main Protagonist's Cellmate Gwess
59%
Other Morioh Stand Users Harvest
59%
Kawajiri Family Hayato Kawajiri
59%
People Shot by Older Brother Nijimura Love Deluxe
59%
Joestar Family - Part 1 Mary Joestar
59%
Pendleton Family - Part 7 Mary Pendleton
59%
Protagonists Group (Squadra Guardie del Corpo) Mr. President
59%
Special Squad/Unitá Speciale Oasis
59%
Hitman Team/La Squadra Esecuzioni Risotto Nero
59%
Main Antagonist's Minions - Tarot Cards Stand Users Sun
59%
Other Morioh Stand Users Tonio Trussardi
59%
Other Saints Mentioned Virgin Mary
59%
Main Antagonist's Minions - Tarot Cards Stand Users Wheel of Fortune
59%
Lieutenants/Caporegimes Black Sabbath
56%
Protagonists Group (Squadra Guardie del Corpo) Coco Jumbo
56%
Main Antagonist's Minions - Egypt 9 Glory Gods Geb
56%
Hitman Team/La Squadra Esecuzioni Gelato
56%
Steel Ball Run Jockeys Hey Ya!
56%
Steel Ball Run Jockeys Horses Hey! Ya!
56%
Boomboom Family L.A. Boomboom
56%
Air Supplena Island Hamon Trainers Loggins
56%
Steel Ball Run Jockeys Mountain Tim
56%
Steel Ball Run Jockeys Pocoloco
56%
Kira's First Victims Reimi Sugimoto
56%
Brando Family - Part 7 | POTUS' Subordinates/Collaborators Scary Monsters
56%
Special Squad/Unitá Speciale Secco
56%
Higashikata Family - Part 8 | Kujo Family - Part 8 Soft & Wet
56%
Main Antagonist's Zombies | Steel Ball Run Jockeys Tarkus
56%
Higashikata Family - Part 4 | Higashikata Family - Part 8 Tomoko Higashikata
56%
Tibetan Temple Masters and Disciples Tonpetty
56%
Hitman Team/La Squadra Esecuzioni White Album
56%
Main Antagonist's Minions - Tarot Cards Stand Users J. Geil
53%
Joestar Family - Part 9 Jodio Joestar
53%
Zeppeli Family - Part 2 Mario Zeppeli
53%
Hitman Team/La Squadra Esecuzioni Melone
53%
Other Morioh Stand Users Pearl Jam
53%
Sculptor Whose Girlfriend Mysteriously Died Rolling Stones
53%
POTUS' Subordinates/Collaborators Sandman
53%
Steel Ball Run Jockeys Shigechi
53%
Hitman Team/La Squadra Esecuzioni Sorbet
53%
Steel Ball Run Promoter Steven Steel
53%
People Shot by Older Brother Nijimura Surface
53%
Main Antagonist's Minions - Egypt 9 Glory Gods Telence T. D'Arby
53%
People Shot by Older Brother Nijimura Toshikazu Hazamada
53%
People Shot by Father Kira Yuya Fungami
53%
People Shot by Older Brother Nijimura Aqua Necklace
50%
Former Main Antagonist's Sons Bohemian Rhapsody
50%
Other Morioh Stand Users Cinderella
50%
Protagonists Group Diver Down
50%
Other Morioh Stand Users Earth, Wind and Fire
50%
Main Antagonist's Minions - Tarot Cards Stand Users Forever
50%
Main Protagonist's Cellmate Goo Goo Dolls
50%
Main Antagonist's Minions - Tarot Cards Stand Users High Priestess
50%
Reincarnations of People in the New Universe Irene
50%
Main Antagonist's Minions - Egypt 9 Glory Gods Khnum
50%
Main Antagonist's Minions - Egypt 9 Glory Gods Osiris
50%
Hitman Team/La Squadra Esecuzioni Pesci
50%
Kujo Family - Part 3 Sadao Kujo
50%
Main Antagonist's Minions - Egypt 9 Glory Gods Sethan
50%
Other Morioh Stand Users Super Fly
50%
People Shot by Older Brother Nijimura The Lock
50%
Main Antagonist's Minions - Egypt 9 Glory Gods Atum
47%
Other Morioh Stand Users Aya Tsuji
47%
Hitman Team/La Squadra Esecuzioni Baby Face
47%
Zeppeli Family - Part 7 Ball Breaker
47%
Protagonists Group Burning Down the House
47%
Captain Killed Then Impersonated Captain Tennille
47%
Special Squad/Unitá Speciale Carne
47%
Joestar Family - Part 9 Dragona Joestar
47%
Main Antagonist's Minions - Tarot Cards Stand Users Ebony Devil
47%
People Shot by Father Kira Enigma
47%
Hitman Team/La Squadra Esecuzioni Ghiaccio
47%
Former Antagonist, but Younger and Grass-Colored Green Baby
47%
Main Antagonist's Minions - Egypt 9 Glory Gods Horus
47%
Main Antagonist's Minions - Tarot Cards Stand Users Judgement
47%
People Shot by Father Kira Ken Oyanagi
47%
First Passione Member Seen, Killed by Main Character's Ability Leaky-Eye Luca
47%
Main Antagonist's Minions - Tarot Cards Stand Users Mannish Boy
47%
Main Antagonist's Minions - Tarot Cards Stand Users Nena
47%
Special Squad/Unitá Speciale Notorious B.I.G.
47%
Joestar Family - Part 9 November Rain
47%
Rats Shot by Electricity Stand User Ratt
47%
Special Squad/Unitá Speciale Squalo
47%
Special Squad/Unitá Speciale Talking Head
47%
Former Main Antagonist's Sons Under World
47%
Former Main Antagonist's Sons Ungalo
47%
Tibetan Temple Masters and Disciples Will Anthonio Zeppeli
47%
Main Antagonist's Minions - Tarot Cards Stand Users ZZ
47%
Singer of "Eat It" (Parody of "Beat It") Al Yankovic
44%
Kira's First Victims Arnold
44%
Hitman Team/La Squadra Esecuzioni Beach Boy
44%
People Possessed by the Glory God Stand Chaka
44%
Main Antagonist's Minions - Tarot Cards Stand Users Devo the Cursed
44%
Main Antagonist's Minions - Tarot Cards Stand Users Gray Fly
44%
Kira Family - Part 8 Holy Joestar-Kira
44%
Higashikata Family - Part 8 Joshu Higashikata
44%
Kawajiri Family Kosaku Kawajiri
44%
Main Antagonist's Allies/Subordinates Limp Bizkit
44%
Other Morioh Stand Users Mikitaka Hazekura
44%
Steel Ball Run Jockeys Oh! Lonesome Me
44%
Hitman Team/La Squadra Esecuzioni Prosciutto
44%
Main Antagonist's Minions - Tarot Cards Stand Users Rubber Soul
44%
People Shot by Father Kira Stray Cat
44%
Ogre Street Inhabitants Tattoo
44%
Special Squad/Unitá Speciale Tiziano
44%
Rokakaka Organization - Mastermind Tooru
44%
Main Antagonist's Zombies Wang Chan
44%
POTUS' Subordinates/Collaborators Wekapipo
44%
Rokakaka Organization - Mastermind Wonder of U
44%
Kira Family - Part 4 Atom Heart Father
41%
Rats Shot by Electricity Stand User Bug-Eaten
41%
POTUS' Subordinates/Collaborators Catch the Rainbow
41%
People Shot by Father Kira Cheap Trick
41%
Younger Sister of One of the Protagonists Chérie Polnareff
41%
Special Squad/Unitá Speciale Clash
41%
Hitman Team/La Squadra Esecuzioni Formaggio
41%
Main Antagonist's Allies/Subordinates Highway To Hell
41%
Hitman Team/La Squadra Esecuzioni Illuso
41%
Main Antagonist's Allies/Subordinates Jail House Lock
41%
Passione Members Tracking the Treasure of a Caporegime Kraft Work
41%
Man Who Buys a Luxury Watch Leo
41%
Hitman Team/La Squadra Esecuzioni Man in the Mirror
41%
Main Antagonist's Allies/Subordinates Marilyn Manson
41%
Passione Members Tracking the Treasure of a Caporegime Mario Zucchero
41%
POTUS' Subordinates/Collaborators Oyecomova
41%
Passione Members Tracking the Treasure of a Caporegime Sale
41%
Former Main Antagonist's Sons Sky High
41%
Steel Ball Run Jockeys Horses Slow Dancer
41%
Large Tree's Stand and Guardian Girl Sugar Mountain
41%
Main Antagonist's Allies/Subordinates Survivor
41%
Main Antagonist's Allies/Subordinates Yo-Yo Ma
41%
Reincarnations of People in the New Universe Anakiss
38%
Main Antagonist's Minions - Tarot Cards Stand Users Arabia Fats
38%
POTUS' Subordinates/Collaborators Blackmore
38%
People Shot by Father Kira Boy II Man
38%
Former Main Antagonist's Sons Donatello Versus
38%
Main Antagonist's Allies/Subordinates Dragon's Dream
38%
POTUS' Subordinates/Collaborators Dr. Ferdinand
38%
Former Antagonist, but Younger and Grass-Colored Green, Green Grass of Home
38%
Steel Ball Run Jockeys Hot Pants
38%
Main Antagonist's Allies/Subordinates Johngalli A.
38%
Main Antagonist's Minions - Others Kenny G.
38%
Hitman Team/La Squadra Esecuzioni Little Feet
38%
Nazis Mark
38%
Main Antagonist's Allies/Subordinates Planet Waves
38%
Former Main Antagonist's Sons Rikiel
38%
Main Protagonist's Former Boyfriend Romeo Jisso
38%
Other Saints Mentioned Saint Mark
38%
Sculptor Whose Girlfriend Mysteriously Died Scolippi
38%
Hitman Team/La Squadra Esecuzioni The Grateful Dead
38%
Steel Ball Run Jockeys Horses Valkyrie
38%
Hirose Family - Part 8 Yasuho Hirose
38%
Kira Family - Part 4 Yoshihiro Kira
38%
Higashikata Family - Part 8 California King Bed
35%
Main Antagonist's Minions - Tarot Cards Stand Users Cameo
35%
Steel Ball Run Jockeys Cream Starter
35%
Main Antagonist's Zombies Doobie
35%
Joestar Family - Part 8 Elizabeth Joestar
35%
Kujo Family - Part 8 Josefumi Kujo
35%
Main Antagonist's Allies/Subordinates Jumpin' Jack Flash
35%
Boy One of the Main Protagonists Wants to Free by Winning the Steel Ball Run Marco
35%
Main Antagonist's Minions - Tarot Cards Stand Users Midler
35%
Main Antagonist's Allies/Subordinates Miraschon
35%
POTUS' Subordinates/Collaborators Pork Pie Hat Kid
35%
POTUS and FLOTUS Scarlet Valentine
35%
Passione Members Tracking the Treasure of a Caporegime Soft Machine
35%
Main Antagonist's Allies/Subordinates Sports Maxx
35%
People Shot by Father Kira Tama
35%
Main Antagonist's Minions - Others Tenore Sax
35%
Pendleton Family - Part 7 Ticket to Ride
35%
Main Antagonist's Allies/Subordinates Viviano Westwood
35%
POTUS' Subordinates/Collaborators 20th Century Boy
32%
Kira Family - Part 8 Born This Way
32%
Main Antagonist's Allies/Subordinates Guccio
32%
Main Antagonist's Minions - Tarot Cards Stand Users Impostor Captain Tennille
32%
POTUS' Subordinates/Collaborators In a Silent Way
32%
Higashikata Family - Part 8 Jobin Higashikata
32%
Higashikata Family - Part 8 King Nothing
32%
POTUS' Subordinates/Collaborators Magent Magent
32%
POTUS' Subordinates/Collaborators Mandom
32%
Main Antagonist's Allies/Subordinates Manhattan Transfer
32%
Joestar Family - Part 7 Nicholas Joestar
32%
Steel Ball Run Jockeys Norisuke Higashikata I
32%
Rats Shot by Electricity Stand User Not Bug-Eaten
32%
POTUS' Subordinates/Collaborators Ringo Roadagain
32%
Kawajiri Family Shinobu Kawajiri
32%
Other Morioh Stand Users Shizuka Joestar
32%
Higashikata Family - Part 8 Teru Higashikata
32%
People Shot by Father Kira Terunosuke Miyamoto
32%
Main Antagonist's Allies/Subordinates Thunder McQueen
32%
Boomboom Family Tomb of the Boom
32%
POTUS' Subordinates/Collaborators Tubular Bells
32%
POTUS' Subordinates/Collaborators Wired
32%
Steel Ball Run Jockeys Horses #1
29%
Boomboom Family Andre Boomboom
29%
POTUS' Subordinates/Collaborators Axl RO
29%
POTUS' Subordinates/Collaborators Boku no Rhythm wo Kiitekure
29%
POTUS' Father's Friend Captain Valentine
29%
POTUS' Subordinates/Collaborators Civil War
29%
POTUS' Subordinates/Collaborators D-I-S-C-O
29%
POTUS' Subordinates/Collaborators Eleven Men
29%
Priest Sent to America Father Styx
29%
Higashikata Family - Part 8 Johei Higashikata
29%
Main Antagonist's Allies/Subordinates Lang Rangler
29%
Other Stand Users Love Love Deluxe
29%
Main Antagonist's Allies/Subordinates Miuccia Miuller
29%
Steel Ball Run Jockeys Mrs. Robinson
29%
Higashikata Family - Part 8 Norisuke Higashikata IV
29%
Main Antagonist's Minions - Others Nukesaku
29%
Higashikata Family - Part 8 Nut King Call
29%
Pucci Family Perla Pucci
29%
Hirose Family - Part 4 Police
29%
Joestar Family - Part 8 Rina Higashikata
29%
Steel Ball Run Jockeys Horses Silver Bullet
29%
Joestar Family - Part 9 Smooth Operators
29%
Higashikata Family - Part 8 Speed King
29%
POTUS' Subordinates/Collaborators TATOO YOU!
29%
Boomboom Family Benjamin Boomboom
26%
POTUS' Subordinates/Collaborators Chocolate Disco
26%
Main Antagonist's Allies/Subordinates D an G
26%
Older Sister of One of the Protagonists Gloria Costello
26%
Higashikata Family - Part 8 Hato Higashikata
26%
Higashikata Family - Part 8 Josho Higashikata
26%
Higashikata Family - Part 8 Kaato Higashikata
26%
Main Antagonist's Allies/Subordinates Kenzou
26%
People Possessed by the Glory God Stand Khan
26%
Current Possessor of Money Curse Stand Milagro Man
26%
Hirose Family - Part 8 Paisley Park
26%
Higashikata Family - Part 8 Paper Moon King
26%
Lieutenants/Caporegimes Pericolo
26%
Joestars' Butler Roses
26%
SPW Foundation's Carrier Pigeon Savage Garden
26%
Alohaoe Family The Mattekudasai
26%
Higashikata Family - Part 8 Tsurugi Higashikata
26%
Rokakaka Organization - Damokan Group Vitamin C
26%
Other Morioh Stand Users Achtung Baby
24%
Pendleton Family - Part 7 Adam Pendleton
24%
Person Whose Body is Used by the Plankton Stand Atroe
24%
Rokakaka Organization - T.G: University Hospital Research Team Doctor Wu
24%
The Boss' Former Lover Donatella Una
24%
Historical Figures Elizabeth I
24%
Other Stand Users Fun Fun Fun
24%
Boy Shot by His Father Mike
24%
POTUS' Subordinates/Collaborators Mike O.
24%
Rock Animals Obladi Oblada
24%
Other Characters of the Main Group Paco Lovelantes
24%
Main Antagonist's Zombies Plant
24%
People Shot by Older Brother Nijimura Tamami Kobayashi
24%
Alohaoe Family Usagi Alohaoe
24%
Main Antagonist's Vampire Subordinate Wired Beck
24%
Nazis Adolf Hitler
21%
Higashikata Family - Part 8 Awaking III Leaves
21%
Other Characters of the Main Group Bigmouth Strikes Again
21%
Higashikata Family - Part 8 Daiya Higashikata
21%
Other Stand Users Doggy Style
21%
Nazis Donovan
21%
Joestar Family - Part 8 George Joestar III
21%
Zeppeli Family - Part 7 Gregorio Zeppeli
21%
HOWLER Company Hacca Howler
21%
Rokakaka Organization - Damokan Group I Am a Rock!
21%
Historical Figures Mary Stuart
21%
One of the Protagonist's Chickens Michael
21%
Main Antagonist's Zombies Page
21%
Other Stand Users Rai Mamezuku
21%
Higashikata Family - Part 8 Space Trucking
21%
Other Characters of the Main Group The Hustle
21%
Main Antagonist's Zombies Adams
18%
Steel Ball Run Jockeys Baba Yaga
18%
Joestar Family - Part 9 Barbara Ann Joestar
18%
Rock Human Living Near a Pond Blue Hawaii
18%
Main Antagonist's Kiss Witnesses Cabbage
18%
Main Antagonist's Minions - Egypt 9 Glory Gods | Steel Ball Run Jockeys Caravan Serai
18%
Other Characters of the Main Group Charming Man
18%
Rock Animals Dododo De Dadada
18%
HOWLER Company Eclipse Eight
18%
Main Antagonist's Zombies Jones
18%
People Shot by Father Kira Masazo Kinoto
18%
Higashikata Family - Part 8 Mitsuba Higashikata
18%
Rokakaka Organization - T.G: University Hospital Research Team Ozon Baby
18%
One of the Protagonist's Chickens Prince
18%
Higashikata Family - Part 4 Ryohei Higashikata
18%
Other Saints Mentioned Saint Peter
18%
Doctor Impersonated by Main Antagonist's Stand Satoru Akefu
18%
Large Tree's Stand and Guardian Girl Sugar Mountain's Spring
18%
Other Morioh Stand Users Toyohiro Kanedaichi
18%
Higashikata Family - Part 8 Walking Heart
18%
Baby Who was Swapped With One of the Pucci Twins Wes Bluemarine
18%
HOWLER Company 200 Balloons
15%
Rokakaka Organization - T.G: University Hospital Research Team Brain Storm
15%
Trio of Cats Belonging to one of the Protagonists Cat Size
15%
Rokakaka Organization - Damokan Group Doobie Wah!
15%
Steel Ball Run Jockeys Horses El Condor Pasa
15%
Anchorman of Morioh Town Radio Kai Harada
15%
Nursing Home Owner Who Houses Alohaoe Family Max
15%
Bomber Plane Stand's User's Mother Mela Ghirga
15%
Rokakaka Organization - T.G: University Hospital Research Team Poor Tom
15%
Fictional Character Created by One of the Protagonists Put Back
15%
Steel Ball Run Jockeys Sloop John B
15%
Man Who Shoots and Cripples Main Character Smith
15%
Rokakaka Organization - Damokan Group Tamaki Damo
15%
HOWLER Company West End Girl
15%
Senator Killed by the Main Antagonist Wilson Philips
15%
Rokakaka Organization - T.G: University Hospital Research Team Wu Tomoki
15%
Kira Family - Part 8 Yoshiteru Kira
15%
Steel Ball Run Jockeys Zenyatta Mondatta
15%
Rokakaka Organization - Damokan Group A. Phex Elder Twin
12%
Rokakaka Organization - Damokan Group A. Phex Younger Twin
12%
Main Antagonist's Zombies Bornnam
12%
Rock Human Living Near a Pond Dolomite
12%
Actress Mentioned by Main Character's Girlfriend Dorothy Parker
12%
Steel Ball Run Jockeys Dot Han
12%
Steel Ball Run Jockeys Gaucho
12%
Steel Ball Run Jockeys Horses Ghost Rider in the Sky
12%
Mannequin Stand's User's Crush Junko
12%
Stand of Shakedown Road Les Feuilles
12%
Other Characters of the Main Group Meryl Mei Qi
12%
Dog Killed by Shapeshifting Stand Pocky
12%
Rokakaka Organization - Damokan Group Schott Key No.1
12%
Rokakaka Organization - Damokan Group Schott Key No.2
12%
Rokakaka Organization - T.G: University Hospital Research Team Urban Guerilla
12%
Trio of Cats Belonging to one of the Protagonists Wild Cat Size
12%
Rokakaka Organization - Damokan Group Yotsuyu Yagiyama
12%
Ogre Street Inhabitants Amato
9%
Hirose Family - Part 4 Ayana Hirose
9%
Horse Who Caused the Death of the Joestar Older Brother Black Rose
9%
HOWLER Company Bobby Jean
9%
New York Inhabitants Bruto
9%
Dogs Impaled by the Bird Glory God Buchi
9%
Dogs Impaled by the Bird Glory God Chibi
9%
King of Naples Dell'Ovo III
9%
Rock Animals Doremifasolati Do
9%
Steel Ball Run Jockeys Horses Europe Express
9%
HOWLER Company Glory Days
9%
Rock Animals Iwasuke
9%
Steel Ball Run Jockeys Kanye
9%
HOWLER Company Key West
9%
One of the Protagonist's Chickens Lionel
9%
HOWLER Company Ningbo
9%
Zipper Stand's User's Father Paolo Bucciarati
9%
Body Shrinking Stand's User's Pet Parakeet Pi-chan
9%
Rock Animals Radio Gaga
9%
Meteor Stand's User's Guard Friend Sonny Likir
9%
Main Antagonist's Kiss Witnesses Stark
9%
Steel Ball Run Jockeys Urmd Avdol
9%
Dolphin Bank Employee Yokohama
9%
Rokakaka Organization - Damokan Group Aisho Dainenjiyama
6%
Pendleton Family - Part 7 Alice Pendleton
6%
Scotland Yard Inspector Archer
6%
HOWLER Company Bags' Groove
6%
77 Rings Trial Winners Caineghis
6%
Windknight's Lot Inhabitants Dan Hammer
6%
Historical Figures Darnley
6%
Boy Whose Wallet Gets "Stolen" by Main Character David
6%
Player Glory God's Victims Dr. Elliot
6%
77 Rings Trial Winners Eijkman
6%
Steel Ball Run Jockeys Georgy Porgy
6%
Steel Ball Run Jockeys Horses Gets Up
6%
Windknight's Lot Inhabitants Harry
6%
Famous Baseball Player in Earth Memory Stand's User's Flashback Ichiro
6%
Steel Ball Run Jockeys Iglesias
6%
Windknight's Lot Inhabitants Jeff Back
6%
Man Making Love With His Girlfriend During Time Acceleration Kenichi
6%
Woman Running the Hotel Overlooking the Ganges River Kumiko
6%
HOWLER Company Laem Chabang
6%
Green Dolphin Street Chief Loccobarocco
6%
HOWLER Company Lyin' Eyes
6%
Woman Who Helped One of the Protagonists Against Sethan's User Maléna
6%
Rural Boxing Club Champion Mark Watkin
6%
Windknight's Lot Inhabitants Matthew Lindsay
6%
Friend of the First Woman Kira Killed After Impersonating Father Kawajiri Mika
6%
Youngest Higashikata Family Member's Classmate Found Injured Between the School Gate Iron Rails Mina
6%
Kira's First Victims After Impersonating Father Kawajiri Minako Okura
6%
Steel Ball Run Jockeys Mister
6%
Other Stand Users Ojiro Sasame
6%
Steel Ball Run Jockeys Horses Peg
6%
Employee Frozen During Time Acceleration | Ghost Girl's Alley Residents Rocky
6%
Prostitute Inmate Sharon
6%
Player Glory God's Victims Sonia
6%
Player Glory God's Victims Tatsuhiko
6%
77 Rings Trial Winners Winzaleo
6%
Scent-Tracking Stand's User's Groupies Akemi
3%
Alohaoe Family Alison Alohaoe
3%
Boy who Zipper Stand's User Uses as Hiding Spot Antonio Rossi
3%
Seiten Birdies Baseball Player Atsunori Iwakiri
3%
Famous Japanese Mangaka and His Dog Bakin
3%
Person That Boy was Serving Baron Rippi
3%
Steel Ball Run Jockeys Baron Roocatugo
3%
Dog Affected by Soul Swapping Stand Benedict
3%
Steel Ball Run Jockeys Billy White
3%
Steel Ball Run Jockeys Horses Catch a Wave
3%
Pendleton Family - Part 7 Charles Pendleton
3%
Gambler Glory God's Victims Christian Vander
3%
Flemish Giant Rabbit That Kira Met When He Was 4 Cindy
3%
Hawaiian Politician and His Daughter Congressman White
3%
Steel Ball Run Jockeys Horses Country Grammar
3%
Steel Ball Run Jockeys Horses Crosstown Traffic
3%
Steel Ball Run Jockeys David Hagen
3%
Steel Ball Run Jockeys Dixie Chicken
3%
General Practicioner Who Helps the Protagonists Doctor Roberts
3%
Steel Ball Run Jockeys Horses Foxy Lady
3%
Gambler Glory God's Victims Garie Moor
3%
Insect Colony Stand's User's Turtle Gonta
3%
Harvard Professor Herzberg
3%
Man Suspected to be Kira Hiroshi Yoshimura
3%
Ghost Girl's Alley Residents Honma
3%
Steel Ball Run Jockeys Horses Hono
3%
Man Who Bought a Winning Lottery Ticket Ichiro Morishita
3%
Other Stand Users Karera Sakunami
3%
Alleged Past Buyer of Main Character's Drugs Kate
3%
Ghost Girl's Parents Kazuko Sugimoto
3%
Boy Late for School Kimura
3%
Kujo Family - Part 8 Kiyomi Kujo
3%
HOWLER Company Founder Latrato
3%
Steel Ball Run Jockeys Horses Little Wing
3%
Pendleton Family - Part 7 Liza Pendleton
3%
Pendleton Family - Part 7 Lizzie Pendleton
3%
Steel Ball Run Jockeys Horses Love Unlimited
3%
HOWLER Company Lulu
3%
Owner of the Seiten Birdies Maako Kitani
3%
Steel Ball Run Jockeys Mack the Knife
3%
Old Woman who Asks for Directions to the Yamakura House Madame Murakami
3%
Steel Ball Run Jockeys Mark Becker
3%
Drunk Fisherman Who Saw Hair Stand's User Falling Masaji
3%
Younger Brother of one of the Protagonists Mauka
3%
Female Protagonist's Friend in a Flashback Miko
3%
The Latter's Girlfriend Minayo
3%
Guest Woman During Time Acceleration Miss Jones
3%
Doctor Performing an Autopsy on the Boss Monica Ultello
3%
Hawaiian State Representative and Mafioso Monte Brutto
3%
Steel Ball Run Jockeys Horses Moon Flower
3%
Elderly Woman who is Friends With Zipper Stand's User Mrs. Menini
3%
Gambler Glory God's Victims Mrs. Moor
3%
Cab Driver Disappointed by Hair Stand's User Muneyuki
3%
Steel Ball Run Jockeys Horses Natalie
3%
Steel Ball Run Jockeys Nellyville
3%
Steel Ball Run Jockeys Nightfly
3%
Ghost Girl's Alley Residents Numakura
3%
Steel Ball Run Jockeys Horses Nut Rocker
3%
Cat Whose Memory of one of his Dreams Has Been Stolen by Younger Higashikata Sister Nyanko
3%
Ghost Girl's Alley Residents Onodera
3%
Steel Ball Run Jockeys Paul Lukather
3%
Steel Ball Run Jockeys Horses Ramblin' Man
3%
Scent-Tracking Stand's User's Groupies Reiko
3%
Famous Idol That Higashikata Second Son Loves Rena Nanami
3%
Woman Whose Neighbor Steals her Panties Rio
3%
Steel Ball Run Jockeys Rotters Club
3%
Steel Ball Run Jockeys Horses Roxanne
3%
Kujo Family - Part 8 Sadafumi Kujo
3%
Guard at Budogaoka Bank Saiko
3%
Other Saints Mentioned Saint Francis Xavier
3%
Mannequin Stand's User's Friend Who Gouges His Eye Out Sakai
3%
Kira's First Victims After Impersonating Father Kawajiri Satoru Nakae
3%
Policeman Who Inspects Big Hole Sergeant McCoy
3%
Gambler Glory God's Victims Shozo Mayama
3%
Pendleton Family - Part 7 Silas Pendleton
3%
Hawaiian Politician and His Daughter Sophie White
3%
Gambler Glory God's Victims Stephen Moor
3%
Hirose Family - Part 8 Suzuyo Hirose
3%
Ghost Girl's Parents Takashi Sugimoto
3%
Reporter Killed by a Calamity Taoka
3%
Alohaoe Family Tory Alohaoe
3%
Higashikata Family - Part 8 Toyoko Higashikata
3%
Ghost Girl's Alley Residents Yonemori
3%
Scent-Tracking Stand's User's Groupies Yoshie
3%
Person Receiveing a Phone Call During Time Acceleration Yoshimura
3%
People the Main Protagonist Steals a Phone From Yoshioka
3%
Current Possessor of Money Curse Stand Zaihei Nigatake
3%
No matching quizzes found
Score Distribution
Percent of People with Each Score
Percentile by Number Answered
Your Score History
You have not taken this quiz since the last reset